Quiz do Afeganistão - Statistics

Estatísticas Gerais
  • Esse quiz foi jogado 778 vezes
  • A pontuação média é 10 de 19
Estatísticas das Respostas
Dica Resposta % Correto
Quais são os países que fazem fronteira com o Afeganistão? Paquistão
91%
Quais são os países que fazem fronteira com o Afeganistão? Irã
90%
Qual é a capital do Afeganistão? Cabul
86%
Quais são os países que fazem fronteira com o Afeganistão? Turcomenistão
82%
Quais são os países que fazem fronteira com o Afeganistão? Tajiquistão
81%
Quais são os países que fazem fronteira com o Afeganistão? Uzbequistão
80%
Quais são os países que fazem fronteira com o Afeganistão? China
77%
Que grupo terrorista liderou o Afeganistão entre 1996 e 2001? Talibã
66%
Qual país invadiu o Afeganistão em 1979? União Soviética
66%
Quais são as duas línguas oficiais do Afeganistão? Pachto
65%
Quais são as duas línguas oficiais do Afeganistão? Dari
59%
O grupo acima destruiu duas estátuas que eram localizadas na cidade de Bamiã em 2001. Que figuras históricas essas estátuas eram sobre? Buda
28%
Qual é a moeda oficial do Afeganistão? Afegane
22%
Qual é a segunda maior cidade no Afeganistão? Candaar
22%
Que ramo do Islã a maioria dos hazaras fazem parte? Xiismo
19%
Que cidade no noroeste Afegão foi historicamente conhecida por seu vinho? Herat
14%
Que cordilheira cobre o centro Afegão? Indocuche
13%
Quem era o presidente do Afeganistão entre 2004 e 2014? Hamid Karzai
12%
O Afeganistão é responsável por 90% da produção mundial de que planta? Papoila-dormideira
8%
Nenhum quiz correspondente encontrado
Distribuição das Pontuações
Porcentagem de Pessoas com Cada Pontuação
Percentil de Números Respondidos
Sua Pontuação Histórica
Você não jogou esse quiz